000 01246nam a2200337 a 4500
001
003 DO-SdBNP
005 20210520125959.0
007 9789945503166
008 100329s2017 dr ac 000 e spa d
040 _aBPMSU
_bspa
_cBPMSU
082 4 _aRD868.44
_bD542t 2017
_222
100 1 _aDíaz Grullón, Virgilio,
_d1924-2001
245 1 0 _aTextos escogidos /
_cVirgilio Díaz Grullón ; selección y prólogo de Pedro Vergés.
260 _aSanto Domingo :
_bMinisterio de Educación ;
_bEditora Nacional,
_c2017
300 _a237 p. :
_bil. ; retrs. ;
_c21 cm.
490 0 _aBiblioteca Dominicana Básica
_aNarrativa
500 _aIncluye referencias bibliográficas y notas al pie de las páginas
590 _6Inventariado, 2021/VM
600 1 4 _aDíaz Grullón, Viergilio,
_d1924-2001
_xCrítica e interpretación
650 4 _aEnsayos dominicanos
650 4 _aCuentos dominicanos
650 4 _aLiteratrua dominicana
700 1 _aVerges, Pedro,
_epról.
710 2 _aMinisterio de Cultura (República Dominicana)
830 0 _aBiblioteca dominicana básica,
_pNarrativa. Cuentos
_v1
910 _aVMateo
942 _2ddc
_cBK
945 _aInventario / 2017 MV
956 _aVMATEO
_b10
_c20150722
_lBPMSU
_h00151
999 _c13520
_d13520